A turma da Rua Quinze / (Record no. 473)

MARC details
000 -LÍDER
campo de controle de tamanho fixo 01400nam a22002897a 4500
001 - NÚMERO DE CONTROLE
campo de controle 473
003 - IDENTIFICADOR DO NÚMERO DE CONTROLE
campo de controle OSt
005 - DATA E HORÁRIO DA ÚLTIMA TRANSAÇÃO
campo de controle 20250902104009.0
008 - CAMPO DE DADOS FIXOS--INFORMAÇÃO GERAL
campo de controle de tamanho fixo 250902b |||||||| |||| 00| 0 eng d
020 ## - ISBN - INTERNATIONAL STANDARD BOOK NUMBER
ISBN - International Standard Book Number 8508033710
040 ## - FONTE DA CATALOGAÇÃO
Idioma da catalogação por
041 ## - CÓDIGO DE IDIOMA
Código do idioma do original e/ou traduções intermediárias do texto por
082 04 - CDD - CLASSIFICAÇÃO DECIMAL DE DEWEY
Número de Classificação 028.5
Número do exemplar M313t
100 1# - ENTRADA PRINCIPAL--NOME PESSOAL
Nome pessoal Aquino, Marçal,
Datas associadas ao nome 1958-
9 (RLIN) 1003
245 12 - TÍTULO
Título A turma da Rua Quinze /
Indicação de responsabilidade, etc. Marçal Aquino
260 ## - PUBLICAÇÃO, DISTRIBUIÇÃO, ETC.
Local de publicação, distribuição, etc. São Paulo :
Nome do editor, distribuidor, etc. Editora Ática,
Data da publicação, distribuição, etc. 1989.
300 ## - DESCRIÇÃO FÍSICA
Extensão 109p. :
Outros detalhes físicos il. ;
520 ## - NOTA DE RESUMO, ETC.
Resumo, etc. Marcão desaparece de repente, deixando todos da rua Quinze preocupados. E várias perguntas começam a pintar para a turma. Quem é aquele homem estranho com uma horrível cicatriz no rosto? Por que Marcão desapareceu sem deixar vestígios? O que significa tanto movimento naquele velho casarão no fim da rua? Em busca de resposta para essas perguntas, Pedro, Serginho e Renato e toda a turma da rua Quinze decidem entrar em ação. Você nem imagina do que esse grupo de jovens é capaz! Em capítulos repletos de surpresas, o leitor acompanha cada passo da turma na grande empreitada para desvendar o desaparecimento de Marcão e todos os outros mistérios que rondam o bairro.<br/>
650 ## - ASSUNTO--TERMO TÓPICO
Cabeçalho tópico ou nome geográfico Literatura Brasileira
9 (RLIN) 205
650 ## - ASSUNTO--TERMO TÓPICO
Cabeçalho tópico ou nome geográfico Infantojuvenil
9 (RLIN) 200
650 ## - ASSUNTO--TERMO TÓPICO
Cabeçalho tópico ou nome geográfico Aventura
9 (RLIN) 47
655 #0 - TERMO DE ÍNDICE--GÊNERO E FORMA
Gênero/forma/ou termo foco Romance
655 #0 - TERMO DE ÍNDICE--GÊNERO E FORMA
Gênero/forma/ou termo foco Ficção
830 #0 - ENTRADA SECUNDÁRIA DE SÉRIE--TÍTULO UNIFORME
Título uniforme Vagalume
9 (RLIN) 999
942 ## - ELEMENTOS DE ENTRADA ADICIONADOS (KOHA)
Fonte de classificação ou esquema de arquivamento Classificação decimal de Dewey
Ocultar no OPAC Não
Tipo de material Koha Livros
Holdings
Situação do descarte Situação das perdas Fonte de classificação ou esquema de arquivamento Status danificado Não pode ser emprestado Coleção Biblioteca de origem Biblioteca atual Localização na estante Data de aquisição Fonte de aquisição Total de empréstimos Número de chamada completo Código de barras Data de último acesso Data do preço efetivo Tipo de material Koha
    Classificação decimal de Dewey     Ficção Biblioteca Professor Eduardo Afonso de Castro Biblioteca Professor Eduardo Afonso de Castro Infanto Juvenil 02.09.2025 doação   028.5 / A313t 2025-17404 02.09.2025 02.09.2025 Livros
    Classificação decimal de Dewey     Ficção Biblioteca Professor Eduardo Afonso de Castro Biblioteca Professor Eduardo Afonso de Castro Infanto Juvenil 02.09.2025 doação   028.5 / A313t 2025-17405 02.09.2025 02.09.2025 Livros

Powered by Koha